Peter Pan (Record no. 7934)

MARC details
000 -LEADER
fixed length control field 01347nam a22002057a 4500
003 - CONTROL NUMBER IDENTIFIER
control field OSt
005 - DATE AND TIME OF LATEST TRANSACTION
control field 20260129024639.0
008 - FIXED-LENGTH DATA ELEMENTS--GENERAL INFORMATION
fixed length control field 260129b |||||||| |||| 00| 0 eng d
020 ## - INTERNATIONAL STANDARD BOOK NUMBER
International Standard Book Number 9789715183819
040 ## - CATALOGING SOURCE
Original cataloging agency DWCL GS library
Transcribing agency OC
082 ## - DEWEY DECIMAL CLASSIFICATION NUMBER
Classification number Fic 275p 2010
100 ## - MAIN ENTRY--PERSONAL NAME
Personal name Barrie, J.M
245 ## - TITLE STATEMENT
Title Peter Pan
260 ## - PUBLICATION, DISTRIBUTION, ETC.
Place of publication, distribution, etc. Manila, Philippines
Name of publisher, distributor, etc. Lampara publishing house
Date of publication, distribution, etc. c2010
300 ## - PHYSICAL DESCRIPTION
Extent 125
Other physical details illustrations
Dimensions 20cm
520 ## - SUMMARY, ETC.
Summary, etc. Peter pan is a lovely boy who refuses to grown up. He is seen by ordinary children from the world outside neverland his home clad in skeleton leaves and the juices that oozed out of trees. In spite of being a child and still having all of his baby teeth, peter is fearless. <br/><br/>
Expansion of summary note One of peter's great adventures is with the darling children. It begins on the night when he flies to their home to search for his lost shadow. He teaches Wendy and her brothers john and Michael to fly and persuades them to come with him and his fairy, Tinker bell, to neverland. <br/><br/>After meeting Peter's friend, the lost boy wendy and her brothers join forces with peter battling the pirates and their evil leader captain hook. They also become heroes to Tiger lily, the bell of the redskins.
546 ## - LANGUAGE NOTE
Language note English
700 ## - ADDED ENTRY--PERSONAL NAME
Personal name J.M Barrie
942 ## - ADDED ENTRY ELEMENTS (KOHA)
Source of classification or shelving scheme Dewey Decimal Classification
Koha item type Fiction
Classification part Fic. B275p 2010
Suppress in OPAC No
952 ## - LOCATION AND ITEM INFORMATION (KOHA)
--
Holdings
Withdrawn status Lost status Source of classification or shelving scheme Damaged status Not for loan Home library Current library Shelving location Date acquired Source of acquisition Total Checkouts Full call number Barcode Date last seen Price effective from Koha item type Uniform Resource Identifier
    Dewey Decimal Classification     Grade School Library Grade School Library Fiction 01/29/2026 School Fund, Donation   Fic. B275p 2010 22850 01/29/2026 01/29/2026 FIC.